000 00532nam a2200217Ia 4500
003 OSt
005 20220928142103.0
006 a|||||r|||| 00| 0
007 ta
008 220927b |||||||| |||| 00| 0 eng d
024 _a18452
037 _cTextual
040 _aSDCL
_cSDCL
_beng
041 _2eng
_aeng
082 _aB392L8, L4
100 _aSchoeneberg B
_9502754
245 0 _aElliptic modular functions.
260 _c1974
942 _hB392L8, L4
_cTEXL
_2CC
999 _c820685
_d820685